Missing From the Cover: Classic Children's Books Quiz Stats

Quiz Updated Dec 24, 2015

Score 0/22 Timer 06:00
4 Plays Today
% Correct
The Polar Express (Chris Van Allsburg)
97.9%
Where's Waldo? (Martin Handford) UK: Where's Wally?
97.9%
Green Eggs and Ham (Dr. Seuss)
96.7%
Winnie-the-Pooh (A. A. Milne/Ernest A. Shepard)
96.3%
Where the Wild Things Are (Maurice Sendak)
96.2%
Clifford the Big Red Dog (Norman Bridwell)
94.4%
Just Me and My Dad (Mercer Mayer)
94.2%
Guess How Much I Love You (Sam McBratney/Anita Jeram)
92.6%
Danny and the Dinosaur (Syd Hoff)
92.5%
Curious George (H. A. Rey)
92%
The Little Engine That Could (Watty Piper)
91.3%
% Correct
If You Give a Mouse a Cookie (Laura Joffe Numeroff/Felicia Bond)
90.4%
Frog and Toad Are Friends (Arnold Lobel)
90.1%
The Tale of Peter Rabbit (Beatrix Potter)
88.9%
The Very Hungry Caterpillar (Eric Carle)
88.4%
Richard Scarry's Busy, Busy World (Richard Scarry)
85%
Are You My Mother? (P. D. Eastman)
78.8%
Amelia Bedelia (Peggy Parish/Fritz Siebel)
72.6%
Where the Sidewalk Ends (Shel Silverstein)
71.6%
The Story of Babar: The Little Elephant (Jean de Brunhoff)
66.9%
The Velveteen Rabbit (Margery Williams/William Nicholson)
65.6%
Where's Spot? (Eric Hill)
64.5%

You're not logged in!

Compare scores with friends on all Sporcle quizzes.
Sign Up with Email
OR
Log In

You Might Also Like...

Show Comments

Extras

Top Quizzes Today


Score Distribution

Your Account Isn't Verified!

In order to create a playlist on Sporcle, you need to verify the email address you used during registration. Go to your Sporcle Settings to finish the process.